000 01358nam a22003137a 4500
005 20240530110353.0
008 141229s2007 ua do g b 000 0 ara d
017 _a11833
_bمصر . دار الكتب المصرية
020 _a9770523130
040 _aEG-CaGPL
041 0 _aara
082 0 4 _221
_a155.232\
_bص م
100 0 _aصدقى نورالدين محمد
245 1 0 _aمدخل لدراسة سلوك العدوان و التعصب و الانتماء فى مجال الرياضة و التربية البدنية :
_bاسس علمية - و توجهات ارشادية /
_cصدقى نورالدين محمد ، دلال فتحى عيد عطية
250 _aط1
260 _aالقاهرة :
_bمكتبة الانجلو المصرية ،
_c2007
300 _a152 ص :
_bايض ؛
_c24 سم
504 _aيشتمل على ارجاعات ببليوجرافية
650 0 4 _aعلم النفس الرياضى
650 0 4 _aالرياضيون
_xعلم النفس
650 0 4 _aالموهوبون
_xعلم النفس
650 0 4 _aالتعصب الرياضى
650 0 4 _aالسلوك ( علم النفس )
650 0 4 _aالعدوانية ( علم النفس )
650 0 4 _aالتعصب
700 0 _aدلال فتحى عيد عطية
_eمؤلف مشارك
942 _2ddc
_cBK
999 _c60111
_d60111